000 00611nam a2200193 a 4500
001 000013313
005 20240530073931.0
008 091123s1968 dr 001 0 spa d
040 _aDO-SdBNP
_bspa
_cBNPHU
082 _aRD864.44
_bG491i
100 1 _aGembernard P., Jacito
_930510
245 1 3 _aLa identidad del hombre y otros ensayos /
_cJacinto Gimbernard P.
260 _aSanto Domingo :
_bCosmopolitan
_fOffset Sarda
_c1968.
300 _a160 p. ;
_c23 cm.
500 _aIncluye notas al pie de las páginas
650 0 _aEnsayos dominicanos
_965
650 0 _aLiteratura dominicana.
_967
049 _aBNPD
999 _c12943
_d12943